Peter Pan (Record no. 50458)

MARC details
000 -LÍDER
campo de controle de tamanho fixo 00269 a2200133 4500
001 - NÚMERO DE CONTROLE
campo de controle 50458
020 ## - ISBN - INTERNATIONAL STANDARD BOOK NUMBER
ISBN - International Standard Book Number 8574881635
040 ## - FONTE DA CATALOGAÇÃO
Instituição que transcreveu o registro Anchieta - Bela Vista
240 10 - TÍTULO UNIFORME
Título uniforme Peter Pan
Idioma da obra por
245 10 - TÍTULO
Título Peter Pan
300 ## - DESCRIÇÃO FÍSICA
Extensão 16
650 #4 - ASSUNTO--TERMO TÓPICO
Cabeçalho tópico ou nome geográfico Literatura infantil
942 ## - ELEMENTOS DE ENTRADA ADICIONADOS (KOHA)
Tipo de material Koha Livros
Holdings
Situação do descarte Situação das perdas Situação física Não pode ser emprestado Biblioteca de origem Biblioteca atual Data de aquisição Total de empréstimos Número de chamada completo Código de barras Data de último acesso Data do preço efetivo Tipo de material Koha
        Colégio Anchieta - Bela Vista Colégio Anchieta - Bela Vista 21/11/2023   LI 028.5 P478p PET 4378/BEL 21/11/2023 21/11/2023 Livros